000
00305nam a22001217a 4500
082
_a
621.3815 MOT'D
100
_a
MOTIL, JOHN M
_9
77559
245
_a
DIGITAL SYSTEM FUNDAMENTALS
260
_a
TOKYO
_b
MCGRAW HILL
_c
1972
300
_a
XX, 390P
650
_a
DIGITAL SYSTEM FUNDAMENTALS
_9
77560
942
_c
BK
999
_c
582818
_d
582818